000 00294nam a22001337a 4500
003 SGT
020 _a9781632422996
082 _a613.20
_bN15C
100 _aCRAFT, ALISON, ED.
245 _aNUTRITION HANDBOOK
260 _bFOSTER ACADEMICS, NEW JERSEY
_c201
300 _a189
942 _2ddc
_cBK
999 _c19798
_d19798